Koncepcia potravinovej bezpečnosti Slovenska

Vymedzenie potravinovej bezpečnosti Slovenska. Prognóza spotreby potravín do r.2000. Podiel výdavkov na potraviny v štruktúre výdavkov obyvateľstva. Zabezpečenie kvality a zdravotnej nezávadnosti potravín. Vplyv integračných dohôd na potravinovú bezpečnosť. Výroba a spotreba vybraných druhov výrobko...

Descrizione completa

Salvato in:
Dettagli Bibliografici
Autore principale: Štanga, R.
Natura: Capitolo di libro
Lingua:slovacco
Soggetti:
Tags: Aggiungi Tag
Nessun Tag, puoi essere il primo ad aggiungerne!!

MARC

LEADER 00000naa a2200000 4500
001 r020060
005 20221205103003.3
041 0 |a slo 
044 |a SK 
245 1 0 |a Koncepcia potravinovej bezpečnosti Slovenska  |c R. Štanga 
520 |a Vymedzenie potravinovej bezpečnosti Slovenska. Prognóza spotreby potravín do r.2000. Podiel výdavkov na potraviny v štruktúre výdavkov obyvateľstva. Zabezpečenie kvality a zdravotnej nezávadnosti potravín. Vplyv integračných dohôd na potravinovú bezpečnosť. Výroba a spotreba vybraných druhov výrobkov a výživových odporúčaných dávok SR. Výživové trendy slovenskej populácie. 
610 2 0 |a potraviny 
610 2 0 |a bezpečnosť potravinová 
610 2 0 |a Slovensko 
610 2 0 |a koncepcie 
610 2 0 |a prognózy 
610 2 0 |a 2000 
610 2 0 |a výživa 
100 1 |a Štanga, R.